Planning in intelligent systems : Aspects, motivations, and methods

में बचाया:
ग्रंथसूची विवरण
स्वरूप: Sách
भाषा:Undetermined
प्रकाशित:  Wiley-Interscience  2006
विषय:
टैग : टैग जोड़ें
कोई टैग नहीं, इस रिकॉर्ड को टैग करने वाले पहले व्यक्ति बनें!
Thư viện lưu trữ: Trung tâm Thư viện - Trường Đại học Công nghiệp TP. Hồ Chí Minh
LEADER 00454nam a2200133Ia 4500
001 UIH_07615
008 231011s9999 xx 000 0 und d
082 |a  006.33 
245 0 |a  Planning in intelligent systems : Aspects, motivations, and methods 
260 |b  Wiley-Interscience 
260 |c  2006 
650 |a  Trí tuệ nhân tạo;  
927 |a Sách 
980 |a Trung tâm Thư viện - Trường Đại học Công nghiệp TP. Hồ Chí Minh